000 01130cam a2200229 4500
001 WB3919-19
008 030522n2003 000 0 eng u
035 _a(Sirsi) u122363
245 _aMillions for green spaces
260 _c2003
490 _aPlanning (for the Natural and Built Environment)
_v(1519) 16 May 2003, 3(1)
490 _aCABE Press Release
_v 12 May 2003 (3)
520 _aCABE, the Commission for Architecture and the Built Environment, have launched a new unit within the organisation, CABE Space. Funded by the ODPM, the new unit will champion the importance of parks and other public spaces in urban regeneration and help local authorities develop green space strategies, as well as undertaking research and promoting skills and training. CABE Space website http://www.cabespace.org.uk. http://www.cabe.org.uk/ZZQ+dG_6L5G=u-Kfg-hCnJw/news/press/press_release.html?press_release_id=229
590 _aWB
650 _aURBAN REGENERATION
650 _aGREEN SPACES
650 _aURBAN PARKS
650 _aREGENERATION SCHEMES
650 _aLOCAL AUTHORITIES
690 _aREGENERATION
942 _n0
999 _c72721
_d72721